000 01165nam a2200217Ia 4500
999 _c18792
_d18792
003 OSt
005 20210911102008.0
008 160316s2000 xxu||||| |||| 00| 0 eng d
020 _a9780072367553
040 _cn
082 _a1.644040
_bGRE
100 _aGreenlaw Raymond
245 _aInline/Online : Fundamentals of the Internet & the World Wide Web
260 _aNew Delhi
_bTata McGraw Hill Publishing Co. Ltd.
_c2000
300 _a549p
_cxix
365 _bRs.250
505 _aTable of contents 1 Fundamentals of Electronic Mail; 2. Jump Start: Browsing and Publishing; 3 The Internet; 4 The World Wide Web; 5 Searching the World Wide Web; 6 Telnet and FTP; 7 Basic HTML; 8 Web Graphics; 9 Advanced HTML; 10 Newsgroups and Mailing Lists, Chat Rooms, and MUDs; 11 Electronic Publishing; 12 Web Programming Material; 13 Multimedia; 14 Privacy and Security Topics; Appendix A Internet Service Providers; Appendix B Text Editing; Appendix C Pine Mail Program; Appendix D Basic UNIX; Appendix E HTML Tags; Appendix F Acronyms; Appendix G My URLs
650 _a1. Internet2. World Wide Web
700 _aHepp Ellen
_a
942 _2ddc
_cBK